Podział Sztuki Egejskiej - Statystyki

Ogólne statystyki
  • Ten quiz został rozwiązany 16 razy
  • Średni wynik to 30 z 39
Statystyki odpowiedzi
Zagadnienie Komórka Select % Poprawnych
Sztuka Minojska/Kreteńska Nie
100%
Sztuka Helladzka/Mykeńska Nie
100%
Sztuka Cykladzka Nie
100%
Sztuka Cykladzka Nie
100%
Sztuka Cykladzka Nie
100%
Sztuka Cykladzka Nie
100%
Sztuka Minojska/Kreteńska Tak
83%
Sztuka Minojska/Kreteńska Tak
83%
Sztuka Minojska/Kreteńska Tak
83%
Sztuka Minojska/Kreteńska Tak
83%
Sztuka Minojska/Kreteńska Tak
83%
Sztuka Helladzka/Mykeńska Tak
83%
Sztuka Helladzka/Mykeńska Tak
83%
Sztuka Helladzka/Mykeńska Nie
83%
Sztuka Helladzka/Mykeńska Nie
83%
Sztuka Helladzka/Mykeńska Nie
83%
Sztuka Helladzka/Mykeńska Nie
83%
Sztuka Helladzka/Mykeńska Nie
83%
Sztuka Helladzka/Mykeńska Nie
83%
Sztuka Cykladzka Tak
83%
Sztuka Cykladzka Nie
83%
Sztuka Cykladzka Nie
83%
Sztuka Minojska/Kreteńska Tak
67%
Sztuka Minojska/Kreteńska Tak
67%
Sztuka Minojska/Kreteńska Tak
67%
Sztuka Minojska/Kreteńska Nie
67%
Sztuka Minojska/Kreteńska Nie
67%
Sztuka Minojska/Kreteńska Nie
67%
Sztuka Minojska/Kreteńska Nie
67%
Sztuka Helladzka/Mykeńska Tak
67%
Sztuka Helladzka/Mykeńska Tak
67%
Sztuka Helladzka/Mykeńska Tak
67%
Sztuka Helladzka/Mykeńska Nie
67%
Sztuka Cykladzka Tak
67%
Sztuka Minojska/Kreteńska Tak
50%
Sztuka Minojska/Kreteńska Nie
50%
Sztuka Cykladzka Nie
50%
Sztuka Helladzka/Mykeńska Tak
33%
Sztuka Helladzka/Mykeńska Tak
33%
Nie znaleziono quizów pasujących do podanych kryteriów
Rozkład punktacji
Procent ludzi z każdym wynikiem
Percentyl według liczby udzielonych odpowiedzi
Twoja historia wyników
Nie rozwiązałeś tego quizu